| 000 | 01150nac a22002651u 4500 | ||
|---|---|---|---|
| 010 | _a 95018925 | ||
| 020 | _a0521461308 | ||
| 020 | _a0521466954 (pbk.) | ||
| 082 | 0 | 0 |
_a320.01 _bALK |
| 090 |
_c8532 _d8532 |
||
| 100 | _aAlker, Hayward R. | ||
| 245 | 1 | 0 |
_aRediscoveries and reformulations : _bhumanistic methodologies for international studies / _cHayward R. Alker. |
| 260 |
_aNew York : _bCambridge University Press,C.1996. _cC.1996. |
||
| 300 |
_axviii, 464 p. : _bill. ; _c24 cm. |
||
| 440 | 0 |
_aCambridge studies in international relations ; _v41 |
|
| 500 | _aDistributer: Baccah. | ||
| 504 | _aIncludes bibliographical references (p. 422-450) and index. | ||
| 511 | _aCatalogued By: Mahitab. | ||
| 650 | 0 |
_aPolitical science _xPhilosophy. |
|
| 650 | 0 |
_aInternational relations _xPhilosophy. |
|
| 856 | 4 | 2 |
_3Publisher description _uhttp://www.loc.gov/catdir/description/cam027/95018925.html |
| 856 | 4 | 2 |
_3Table of contents _uhttp://www.loc.gov/catdir/toc/cam022/95018925.html |
| 942 |
_cBB _k320.01ALK |
||
| 999 |
_c8532 _d8532 |
||